00251nam a2200109Ia 4500008004100000041000800041082001400049100001700063245001800080260003500098300000800133230511s1971 xx 000 0 und d aeng a346.066  aFHJ Wileman  aCompany Law  aNew DelhibPitman Seriesc1971 a102